FIFA World Cup All-Time Table - Statistics

General Stats
  • This quiz has been taken 125,127 times
    78,385 since last reset
  • The average score is 9 of 10
Answer Stats
Points Team % Correct
247 Brazil
99%
158 Argentina
98%
131 France
97%
225 Germany / West Germany
97%
110 Spain
94%
156 Italy
93%
118 England
89%
88 Uruguay
82%
104 Netherlands
78%
73 Belgium
64%
No matching quizzes found
Score Distribution
Percent of People with Each Score
Percentile by Number Answered
Your Score History
You have not taken this quiz since the last reset